Thực trạng và biện pháp phát triển kỹ năng tự học của sinh viên ngành Thương mại điện tử, trường Đại học Công nghiệp Tp. Hồ Chí Minh trong thời kỳ cách mạng 4.0 : Báo cáo tổng kết đề tài Khoa học cấp Trường

Αποθηκεύτηκε σε:
Λεπτομέρειες βιβλιογραφικής εγγραφής
Κύριος συγγραφέας: Lê, Thị Thương
Μορφή: Đề tài khoa học
Γλώσσα:Undetermined
Έκδοση: Trường Đại học Công nghiệp Tp. Hồ Chí Minh 2021
Θέματα:
Διαθέσιμο Online:https://opac.iuh.edu.vn/TraCuuTaiLieuSo2XemChiTiet.aspx?Id=115147
Ετικέτες: Προσθήκη ετικέτας
Δεν υπάρχουν, Καταχωρήστε ετικέτα πρώτοι!
Thư viện lưu trữ: Trung tâm Thư viện - Trường Đại học Công nghiệp TP. Hồ Chí Minh
LEADER 00927nam a2200169Ia 4500
001 UIH_00819
008 230809s9999 xx 000 0 und d
082 |a 658.8 
100 |a Lê, Thị Thương 
245 0 |a Thực trạng và biện pháp phát triển kỹ năng tự học của sinh viên ngành Thương mại điện tử, trường Đại học Công nghiệp Tp. Hồ Chí Minh trong thời kỳ cách mạng 4.0 : Báo cáo tổng kết đề tài Khoa học cấp Trường 
245 0 |c Lê, Thị Thương 
260 |b Trường Đại học Công nghiệp Tp. Hồ Chí Minh 
260 |c 2021 
650 |a Thương mại điện tử; 
856 |u https://opac.iuh.edu.vn/TraCuuTaiLieuSo2XemChiTiet.aspx?Id=115147 
927 |a Đề tài khoa học 
980 |a Trung tâm Thư viện - Trường Đại học Công nghiệp TP. Hồ Chí Minh